000 01054nam a22003137a 4500
001 BR2010003868
003 BR-BrBNA
005 20230928103527.0
007 ta
008 230509b bl.||||| |||| 00| 0 por d
040 _aBR-BrBNA
_bpor
_cBiblioteca Nacional de Agricultura
041 _a(Por)
072 _aD50
090 _ D50 BR2010003868
100 1 _aSouza, T.R.P. de (org.)
100 1 _aSaito, C.H. (org.)
110 1 _aMinistério da Agricultura, Abastecimento e Pecuária, Brasília, DF (Brasil
_97217
110 1 _aAssociação Brasileira de Educação Agrícola Superior, Brasília, DF (Brasil)
_9275
245 1 _aSubsistema de Informações de Produtos e Estabelecimentos do setor de Bebidas - SISB; Sistema Integrado de Informações Vegetal e Animal - SIIVA
260 3 _aBrasília, DF (Brasil):
_c2004.
300 _a32 p.
650 _aCADASTRO
650 _aINSPEÇÃO SANITÁRIA
650 _aREGISTRO
650 _aREGULAMENTAÇÃO
650 _aBEBIDA
909 _a202309
_bLucia
_c55
_dLucia Elande
942 _cBK
999 _c75483
_d75483